00816cam a22001934a 450000500170000002000340001704000340005108200190008510000210010424500920012526000470021730000330026450400660029752001460036354600090050965000480051865000360056670000200060220250925125111.0 a9781841136929 cTZS 36,532.24 aMCCLbeng.eAACR 2nd rev. ed.04a346.410489 FIS1 aFisher, Matthew,10aFundamentals of patent law :binterpretation and scope of protection /cMatthew Fisher. aOxford ;bHart Publishing limited,cc2007. axxi, 425 p. :c24 cm.bill.; aIncludes bibliographical references (p. [393]-415) and index. aThis new book provides a comprehensive overview of the topic of patent claim interpretation in the UK and in three other select jurisdictions aeng. 0aPatent laws and legislationzGreat Britain. 0aPatent laws and market economy. aFisher, Matthew